| 000 | 00703nam a2200217Ia 4500 | ||
|---|---|---|---|
| 008 | 191130s2001##################000#0#eng## | ||
| 020 | _a9780415202855 | ||
| 022 | _a2001019754 | ||
| 040 |
_aACL _cACL |
||
| 082 | _a363.7056 BAR | ||
| 245 |
_aInternational encyclopedia of environmental politics _cedited by John Barry and E. Gene Frankland |
||
| 260 |
_aLondon ; New York _bRoutledge _c2001 |
||
| 300 | _axxvii, 513 p. : ill. ; 26 cm | ||
| 500 | _aIncludes bibliographical references and index | ||
| 650 | _aEnvironmental policy - Encyclopedias | ||
| 700 | _aBarry, John | ||
| 700 | _aFrankland, E. Gene | ||
| 990 | _a8172e80eac10000c6d8ff0aaacdccc2b | ||
| 991 | _a322240 | ||
| 999 |
_c217815 _d217815 |
||